[Event "Keres Memorial-05"]
[Site "Tallinn"]
[Date "1985.03.14"]
[Round "15"]
[White "Kochyev, Alexander"]
[Black "Veingold, Aleksandr"]
[Result "1-0"]
[WhiteElo "2505"]
[BlackElo "2435"]
[Annotator "Dolmatov,S"]
[PlyCount "53"]
[EventDate "1985.02.21"]
[EventType "tourn"]
[EventRounds "15"]
[EventCountry "URS"]
[EventCategory "9"]
[SourceTitle "MCL"]
[Source "ChessBase"]
[SourceDate "1999.07.01"]
[SourceVersion "1"]
[SourceVersionDate "1999.07.01"]
[SourceQuality "1"]

1. d4 Nf6 2. Nf3 b6 3. Bg5 Bb7 4. Nbd2 c5 (4... e6 5. e4 h6 6. Bxf6 Qxf6 7. Bd3
d6 8. Qe2 Qd8 9. h4 $14) 5. Bxf6 (5. e3 e6 6. Bd3 Be7 7. c3 O-O 8. O-O Nc6 $10)
5... gxf6 6. e3 e6 (6... Rg8 $5 7. c4 e6 8. Qc2 f5 $132) 7. Bd3 Nc6 8. O-O d5
9. dxc5 (9. c3 c4 10. Bc2 f5 11. b3 b5 $10) 9... Bxc5 $6 (9... bxc5 $5 10. c4
d4 11. Be4 f5 $132) 10. a3 f5 11. b4 Bd6 12. c4 Ne5 13. Be2 (13. Nxe5 Bxe5 14.
Rc1 O-O 15. Nf3 Bf6 $15) 13... Rg8 (13... O-O $1 14. Rc1 Qe7 $15) (13... dxc4
14. Nxc4 Nxc4 15. Bxc4 O-O $15) 14. Rc1 d4 $2 (14... Rc8 15. Nxe5 Bxe5 16. Nf3
Bb8 $10) 15. exd4 Rxg2+ 16. Kxg2 Qg5+ 17. Kh1 Qh6 (17... Nxf3 18. Nxf3 Bxf3+
19. Bxf3 Qf4 (19... Qh4 20. Bc6+ Ke7 21. f4 $18) 20. Bc6+ Ke7 21. Qh5 $18) (
17... Qf4 18. d5 Ng4) 18. d5 $8 Ng4 19. h4 $1 (19. Kg2 Qg7 20. Kh1 (20. Rg1 $2
Nxh2+ 21. Kh1 Qh6 $40) 20... Qh6 $10) 19... O-O-O $2 (19... exd5 $2 20. c5 d4
21. c6 $18) (19... Ke7 $6 20. c5 $18) (19... Bf4 20. Rc3 exd5 21. cxd5 Bxd5 $13
) 20. c5 Bxd5 21. cxd6+ $18 Kb8 22. Qc2 Rg8 (22... Qxh4+ 23. Kg1 $18) 23. Qc7+
Ka8 24. Qc8+ Rxc8 25. Rxc8+ Kb7 26. Rc7+ Kb8 27. Ba6 1-0

[Event "Abu Dhabi op 13th"]
[Site "Abu Dhabi"]
[Date "2003.08.24"]
[Round "8"]
[White "Adly, Ahmed"]
[Black "Neverov, Valeriy"]
[Result "1/2-1/2"]
[WhiteElo "2429"]
[BlackElo "2566"]
[Annotator "Finkel,A"]
[PlyCount "130"]
[EventDate "2003.08.16"]
[EventType "swiss"]
[EventRounds "9"]
[EventCountry "UAE"]
[SourceTitle "CBM 097"]
[Source "ChessBase"]
[SourceDate "2003.11.11"]
[SourceVersion "1"]
[SourceVersionDate "2003.11.11"]
[SourceQuality "1"]

1. d4 Nf6 2. Nf3 e6 3. e3 b6 4. b3 Bb7 5. Bb2 c5 6. Nbd2 Nc6 7. a3 d5 (7... Be7
8. Bd3 d6 (8... O-O 9. O-O Re8 (9... Rc8 10. Qe2 cxd4 11. exd4 Qc7 12. Rfe1
Rfd8 13. Rad1 h6 14. b4 a5 15. b5 Nb8 16. c4 $14 {Paneque,P-Barroso,W/CUB 1997}
) 10. c4 cxd4 11. exd4 d5 12. Rc1 Rc8 13. Qe2 Bf8 14. Rfd1 g6 $13 {Santacruz,
F-Rodriguez Cespedes,A/Junin 1987}) (8... cxd4 9. exd4 Nd5 10. g3 Nf6 11. Qe2
Qc7 12. O-O O-O 13. Ng5 h6 14. Nh3 Rad8 $13 {Verdonk,R-Lemmers,O/Enschede 1993}
) 9. O-O O-O 10. Re1 Nd7 11. c4 Rc8 12. Bc2 d5 $11 {Haygarth,M-Horner,J/Ayr
1978}) 8. Bd3 Bd6 9. Ne5 Qc7 10. f4 a6 (10... O-O 11. Qe2 Ne7) 11. O-O Ne7 12.
Rc1 Rc8 13. Qe2 b5 $6 {Very uncatious move leading to difficult position for
black.} 14. c4 $1 {[%cal Gc1c7] White is on guard. He immediately exploites
black's inaccuracy on his last move.} bxc4 (14... dxc4 15. bxc4 bxc4 16. Ndxc4
O-O 17. Nxd6 Qxd6 18. dxc5 Rxc5 19. Nc4 Qd8 20. Rcd1 $16) 15. bxc4 Qb6 16. Rb1
Qa7 17. Nb3 $5 {Even stronger was} (17. Ng4 $1 {with huge advantage in all
variations.} Neg8 (17... Nxg4 18. Qxg4 cxd4 19. Bxd4 Bc5 20. f5 $1 Bxd4 21.
exd4 exf5 22. Bxf5 $18) (17... Nh5 18. cxd5 Bxd5 19. Bxa6 Rb8 20. Bb5+ $18) 18.
cxd5 exd5 19. dxc5 Bxc5 20. Bxf6 Nxf6 21. Nxf6+ gxf6 22. Rxb7 $18) 17... O-O
18. dxc5 Bxc5 19. Nxc5 Qxc5 20. Bd4 Qc7 21. c5 $6 {Inaccuracy permitting back
to reorganize his pieces.} (21. cxd5 Bxd5 22. e4 Ba8 23. Qe3 $16 {[%csl Ra8,
Rc7,Re7,Rf6]}) 21... Ne4 22. Rfc1 f6 23. c6 (23. Nf3) 23... Bxc6 (23... Nxc6
24. Nxc6 Bxc6 25. Bxa6 $14) 24. Nxc6 Nxc6 25. Bb6 Qd7 26. Bxa6 $16 {Even after
white's inaccuracy his advantage is beyond any doubt.} Rb8 27. Qc2 Ne7 28. a4
Nf5 29. a5 Nfd6 30. Qd3 (30. Qe2 $5) 30... Ra8 31. Rc7 Qa4 32. Rbc1 Rf7 33.
R7c6 h6 34. h3 Qa2 35. Qe2 Qa4 36. Bd3 Re7 37. Qg4 (37. Qd1 $5 Qb4 38. Rb1 Qa3
39. Ra1 Qb2 40. Rc2 Qb4 41. Qb1 Qxb1+ 42. Rxb1 $16) 37... Qa3 38. Rc7 Rae8 $6
39. Be2 $6 (39. Bxe4 $1 dxe4 (39... Nxe4 40. Qg6) 40. Qg6 Qa4 41. R1c6 Rxc7 42.
Rxc7 Nf5 43. Bd4 $18) 39... Nc4 $1 40. R1xc4 $1 dxc4 41. Rxc4 Qa1+ 42. Kh2 Nd2
(42... Qe1 43. Rc2 f5) 43. Rc6 Nf1+ 44. Bxf1 Qxf1 45. Bc5 f5 46. Qg6 Qb5 $8 47.
Bxe7 Qxc6 48. Bf6 Qd7 49. Bxg7 Qf7 50. Qxf7+ Kxf7 51. Bd4 (51. Bxh6 Kg6 52. Bg5
Ra8 $11) 51... Ra8 52. Bb6 h5 53. Kg3 Rg8+ 54. Kf3 Ra8 55. g4 (55. e4 Ke7 56.
exf5 exf5 57. g4 fxg4+ 58. hxg4 hxg4+ 59. Kxg4 Kd7 60. f5 Kc6 $11) 55... hxg4+
56. hxg4 fxg4+ 57. Kxg4 Ke7 58. Kf3 Kd6 59. Ke4 Ra6 60. Kd4 Ra8 61. Ke4 Ra6 62.
Kf3 Ra8 63. e4 Kc6 64. Ke3 Rf8 65. Kf3 Rg8 1/2-1/2

[Event "Women-Veterans"]
[Site "London"]
[Date "1996.??.??"]
[Round "6"]
[White "Ioseliani, Nana"]
[Black "Hort, Vlastimil"]
[Result "0-1"]
[WhiteElo "2500"]
[BlackElo "2545"]
[Annotator "Hansen,Cu"]
[PlyCount "74"]
[EventDate "1996.08.15"]
[EventType "schev"]
[EventRounds "5"]
[EventCountry "ENG"]
[SourceTitle "CBM 055"]
[Source "ChessBase"]
[SourceDate "1996.12.01"]
[SourceVersion "1"]
[SourceVersionDate "1996.12.01"]
[SourceQuality "1"]

1. d4 Nf6 2. Nf3 b6 3. e3 Bb7 4. Bd3 g6 {An interesting concept. Is black
playing a Queens Indian with the black bishop on g7 or a Kings Indian setup
with the white bishop on b7? It is more or less up to black to decide because
his pawn-formation in the center is still flexible.} 5. O-O Bg7 6. c4 O-O {
With this move black practically chooses his opening setup. If he wanted a
Queens Indian type formation he had to play 6. - e6 7. Sc3 d5} 7. Nc3 d6 (7...
e6 8. e4) (7... d5 $5 {trying to get a Grünfeld-type position after:} 8. cxd5
Nxd5 9. e4 Nxc3 10. bxc3 c5 $13) 8. Rb1 (8. e4 $5 Nbd7 9. Bg5) 8... Nbd7 9. b4
a5 10. a3 Ne8 {More flexible than the also perfectly playable 10. - e5} 11. Bb2
$6 (11. e4 e5 12. Bc2 {was probably a better idea not yet blocking the center
and keeping the option the answer} f5 $6 {with} 13. exf5 gxf5 14. Bg5 $14)
11... e5 12. d5 f5 13. e4 Bc8 {So - we have som kind of Kings Indian position.
Who has tricked who? Well that is not completely clear. Black has of course
lost two moves with Lc8-b7-c8. But white has played e2-e3-e4, and it is not
clear whether Bd3 is better or worse placed than on the normal square e2.} 14.
Nd2 $2 {I believe this natural move is a serios inaccuracy.} (14. Qc2 $1 f4 15.
Na4 {[%cal Yc4c5] I think white should have played for at very quick c4-c5 not
yet comiting his pawns on the kingside}) 14... Qh4 $1 15. Qc2 f4 16. Be2 (16.
Na4 $5) 16... g5 17. h3 $2 {White can not stop the advance of the black g-pawn.
With the textmove she only creates targets for black to attack} Ndf6 {[%cal
Yg5g4]} 18. Nf3 {[%cal Rf3h4]} Qh6 19. Nh2 Qg6 {[%cal Yg5g4,Yh7h5]} 20. c5 axb4
21. axb4 bxc5 22. bxc5 h5 {White has achieved the "breakthrough" c4-c5 but
compared to my suggestion at move 15 she is now so occupied with the defence
of her K that no real threats can be organized on the queenside.} 23. f3 g4 24.
hxg4 hxg4 25. fxg4 Nxg4 26. Nxg4 Bxg4 27. Bxg4 Qxg4 {[%cal Yf4f3]} 28. Qd3 Rf6
{[%cal Yf6h6,Yh6h1]} 29. Kf2 (29. Qf3 Qh4 {[%cal Yh4e1]}) 29... Rg6 {[%cal
Rg6g2]} 30. Qh3 (30. Qf3 Qh4+ {[%cal Yg6g3]}) 30... Nf6 {Blacks advantage is
so big, that he does not even have to avoid the exchange of queens.} 31. Rh1 (
31. Qxg4 Nxg4+ 32. Kg1 Ne3 33. Rf2 Bf6 $17 {[%cal Yf6h4]}) 31... dxc5 32. Qf3
Qg5 {[%cal Yf6g4,Yg4e3]} 33. Nb5 Ng4+ 34. Ke2 Ne3 {[%cal Rg6g2,Re3g2]} 35. Rh2
Rb8 {Slightly ironic the game is now decided on the queenside} 36. Ba3 Rgb6 37.
Qh3 Qg4+ 0-1

[Event "SUI-ch"]
[Site "Leukerbad"]
[Date "2002.07.18"]
[Round "8"]
[White "Nemet, Ivan"]
[Black "Jenni, Florian"]
[Result "1/2-1/2"]
[WhiteElo "2439"]
[BlackElo "2505"]
[Annotator "Hecht,H"]
[PlyCount "99"]
[EventDate "2002.07.11"]
[EventType "tourn"]
[EventRounds "9"]
[EventCountry "SUI"]
[EventCategory "9"]
[SourceTitle "CBM 091"]
[Source "ChessBase"]
[SourceDate "2002.11.12"]
[SourceVersion "1"]
[SourceVersionDate "2002.11.12"]
[SourceQuality "1"]

1. d4 Nf6 2. Nf3 e6 3. e3 b6 4. Bd3 Bb7 5. Nbd2 c5 6. Qe2 Be7 7. O-O cxd4 8.
exd4 O-O 9. c3 d6 10. Nc4 Nbd7 11. a4 a6 12. Bg5 Re8 13. Nfd2 Qc7 14. Ne3 g6
15. f4 Bf8 16. Rf2 Bg7 17. Qf1 Kh8 18. Qb1 Nd5 19. Nxd5 Bxd5 20. Be4 Bxe4 21.
Qxe4 f5 22. Qe3 e5 23. fxe5 dxe5 24. Bh6 exd4 25. Bxg7+ Kxg7 26. Qxd4+ Nf6 27.
Qc4 Qb7 28. Nf3 Re4 29. Qd3 Rae8 30. Re1 R8e7 31. h3 Nh5 32. Nd4 f4 33. Ree2
Re3 34. Rxe3 Rxe3 35. Qc4 Qe4 36. Rf1 Qe5 37. Nf3 Qc5 38. Qxc5 bxc5 {Schwarz
macht einen Bauernverlust durch aktives Spiel gegen den weißen König wett.} 39.
Rd1 Ng3 40. Rd7+ Kf6 41. Rxh7 Re2 42. Rb7 Rc2 43. Ne1 Re2 44. Nd3 g5 45. h4 c4
46. hxg5+ Kxg5 47. Nf2 Re1+ 48. Kh2 Nf1+ (48... Rf1 $6 49. Nh3+ Kf5 50. Rf7+
Ke5 $2 51. Nxf4 Rxf4 52. Re7+) 49. Kg1 Ng3+ (49... Ne3+ $5 50. Kh2 Rf1 51. Nh3+
Kf6 (51... Kf5 52. Rf7+) 52. g3 f3 53. g4 $11) 50. Kh2 1/2-1/2

[Event "Ubeda op 5th"]
[Site "Ubeda"]
[Date "2000.01.22"]
[Round "4"]
[White "Stocek, Jiri"]
[Black "Ippolito, Dean"]
[Result "1-0"]
[WhiteElo "2496"]
[BlackElo "2373"]
[Annotator "Hecht,H"]
[PlyCount "119"]
[EventDate "2000.01.19"]
[EventType "swiss"]
[EventRounds "10"]
[EventCountry "ESP"]
[SourceTitle "CBM 075"]
[Source "ChessBase"]
[SourceDate "2000.04.05"]
[SourceVersion "1"]
[SourceVersionDate "2000.04.05"]
[SourceQuality "1"]

1. Nf3 c5 2. b3 e6 3. Bb2 Nf6 4. e3 b6 5. d4 Bb7 6. Bd3 cxd4 7. exd4 Be7 8. O-O
O-O 9. Nbd2 Nd5 10. Re1 f5 11. c4 Nf4 12. Bf1 Bf6 13. g3 Ng6 14. Qe2 Nc6 15.
Bg2 Qc7 16. Rad1 Rae8 17. h4 d6 18. Ng5 Bxg5 19. hxg5 e5 20. dxe5 dxe5 21. c5
Nd4 22. Bxd4 Bxg2 23. cxb6 axb6 24. Kxg2 exd4 25. Qc4+ Qxc4 26. Nxc4 Rd8 27. f4
b5 28. Na5 Rc8 29. Rxd4 Rc2+ 30. Kf3 Rxa2 31. Nc6 Rc8 32. Rd8+ Rxd8 33. Nxd8
Rd2 34. Re8+ Nf8 35. Nc6 Rd3+ 36. Re3 Rd7 37. Ke2 g6 38. Re5 Rc7 39. Nd4 b4 40.
Re8 Rb7 41. Kd3 Kf7 42. Re2 Kg7 43. Kc4 h6 44. gxh6+ Kxh6 45. Nf3 Nd7 46. Re6
Kh5 47. Rd6 Rc7+ 48. Kxb4 Nc5 49. Ne5 g5 50. Rf6 Rb7+ 51. Kxc5 Rxb3 {[#]
Taktik. Hineinziehen des Königs in ein Springerschach.} 52. Rf8 $1 {Eleganz,
die auch durch das Zugzwangmotiv hätte ersetzt werden können.} (52. Rxf5 Rxg3
53. Kd5 Rg1 (53... Kh4 54. fxg5 Rxg5 55. Nf3+ $18) (53... Kh6 54. fxg5+ Rxg5
55. Nf7+ $18) 54. Ke6 $18) 52... Kh6 $8 53. Rxf5 Rxg3 54. fxg5+ Kh5 (54... Rxg5
55. Nf7+ $18) 55. g6+ Kh6 56. Kd5 Kg7 57. Ke6 Kg8 58. Rf1 Kg7 59. Ra1 Kg8 60.
Kf6 1-0

[Event "GER-ch 70th"]
[Site "Bremen"]
[Date "1998.11.07"]
[Round "2"]
[White "Huebner, Robert"]
[Black "Zeller, Frank"]
[Result "1-0"]
[WhiteElo "2575"]
[BlackElo "2445"]
[Annotator "Hertneck,G"]
[PlyCount "73"]
[EventDate "1998.11.06"]
[EventType "swiss"]
[EventRounds "9"]
[EventCountry "GER"]
[SourceTitle "CBM 068"]
[Source "ChessBase"]
[SourceDate "1999.02.01"]
[SourceVersion "1"]
[SourceVersionDate "1999.02.01"]
[SourceQuality "1"]

1. d4 Nf6 2. Nf3 e6 3. g3 b6 4. Bg2 Bb7 5. O-O c5 6. dxc5 Bxc5 (6... bxc5) 7.
c4 Be7 {Etwas krampfhaft auf die Igel-Struktur gespielt} (7... d5) 8. Nc3 d6 9.
Bf4 O-O 10. Nb5 Ne4 (10... Ne8 11. Qc2 Nc6 12. Rfd1 a6 13. Nc3 {
Hübner-Hjartarson, München 93}) 11. Nd2 Nc5 12. Bxb7 Nxb7 13. Ne4 Qc8 {Der
Igel-Spezialist Zeller ist unversehens in eine sehr schwierige Stellung geraten
} 14. Nexd6 Nxd6 15. Nxd6 Qc6 16. c5 $1 Na6 $1 (16... bxc5 17. Nc4 $14) 17. Rc1
(17. cxb6 Rad8) 17... Nxc5 18. Nc4 (18. b4 Rfd8 19. bxc5 bxc5) 18... Rfd8 19.
Qc2 a5 20. Rfd1 h6 21. Be3 Rxd1+ {Schwarz hat trotz der mißlungenen Eröffnung
völlig ausgeglichen, verliert aber in Zeitnot noch den Faden} 22. Qxd1 Rc8 23.
b3 Rd8 24. Qc2 Rd5 25. f3 Qb7 26. Bf2 f5 27. Ne3 Rd7 28. g4 g6 29. gxf5 gxf5
30. Kh1 Bf8 31. Nc4 Rd5 32. Rg1+ Kh7 33. Ne3 Bg7 34. Nxd5 Qxd5 35. Rd1 Qc6 36.
Bd4 Bf8 37. Bb2 1-0

[Event "Groningen PCA"]
[Site "Groningen"]
[Date "1993.??.??"]
[Round "9"]
[White "Huebner, Robert"]
[Black "Granda Zuniga, Julio E"]
[Result "1/2-1/2"]
[WhiteElo "2605"]
[BlackElo "2605"]
[Annotator "Huebner,R"]
[PlyCount "104"]
[EventDate "1993.12.??"]
[EventType "swiss"]
[EventRounds "11"]
[EventCountry "NED"]
[SourceTitle "CBM 039"]
[Source "ChessBase"]
[SourceDate "1994.04.01"]
[SourceVersion "1"]
[SourceVersionDate "1994.04.01"]
[SourceQuality "1"]

1. d4 Nf6 2. Nf3 b6 3. g3 Bb7 4. Bg2 c5 5. O-O cxd4 6. Nxd4 Bxg2 7. Kxg2 Qc8 {
xc4} 8. Qd3 {/\ c4} (8. c4 Qxc4 9. Na3 Qd5+ 10. f3 a6 11. e4 Qb7 $15) (8. b3 d5
9. Bb2 Nbd7 {/\ e5}) 8... d5 (8... g6 9. c4 Bg7 10. Nc3 Na6 11. b3 Nc5 12. Qf3
$14) 9. Bg5 Nbd7 10. Bxf6 (10. Nd2 Nc5 11. Qb5+ (11. Qf3 Nfe4) 11... Nfd7 {
/\ 12...a6=/+}) 10... Nxf6 11. Nd2 e5 (11... e6 12. c4 $14 {xc6}) 12. N4f3 (12.
N4b3 Qc6 $15) 12... e4 (12... Bd6 13. e4 $14) 13. Qb5+ Qd7 14. Qxd7+ (14. Nd4
Qxb5 15. Nxb5 Rc8 16. c3 a6 $10) 14... Kxd7 15. Ng5 $6 (15. Nd4 $142 Bc5 16.
N2b3 Rac8 17. Rfd1 Rhd8 18. Rac1 {/\ c4+/=}) 15... Bc5 (15... Ke8 $6 16. Rfd1
h6 17. Nh3 {/\ 18.c4+/=}) 16. Nxf7 (16. c4 h6 17. Nxf7 (17. Nh3 d4 $17) 17...
Rhe8 $19) (16. Nb3 h6 17. Nxc5+ bxc5 18. Nh3 (18. Nxf7 Rhe8 $19) 18... Rab8 $15
) 16... Rhf8 17. Ng5 (17. Ne5+ Kd6 18. f4 Bd4 19. c3 Bxe5 20. fxe5+ Kxe5 $15)
17... Ng4 (17... h6 18. Nh3 Ng4 19. Nb3 $14) 18. e3 (18. Nh3 e3 19. f3 (19. Nb3
exf2 20. Nxc5+ bxc5 {/\ Ne3-+}) 19... exd2 (19... Nxh2 $6 20. Rfd1 exd2 21.
Rxd2 $14) 20. fxg4 Be3 {/\d4, Rac8-/+}) 18... Rf5 (18... h6 19. Nh3 g5 20. c4
$13) 19. h4 (19. Ngxe4 dxe4 20. Nxe4 Be7 (20... Bxe3 $2 21. h3) 21. h3 Nf6 $17)
(19. Nh3 Raf8 20. Rae1 (20. c4 Bb4 21. Rad1 Bxd2 22. Rxd2 Nxe3+ $19) 20... b5
21. Re2 Rh5 {/\Rf6-h6} 22. Rh1 g5 23. Ng1 Rh6 24. h3 Ne5 25. f3 Nc4 26. Nxc4
bxc4 $17 {xNg1}) 19... Raf8 20. Nh3 h6 (20... Bxe3 21. fxe3 Nxe3+ 22. Kg1 Nxf1
23. Nxf1 d4 (23... h6 24. c3 {/\ Re1}) 24. Nf4 g5 (24... h6 25. h5) 25. hxg5
Rxg5 26. Kf2 $13) 21. Rae1 (21. c4 Bxe3 (21... Bb4 22. Rad1 Bxd2 23. Rxd2 Nxe3+
$19) 22. fxe3 Nxe3+ 23. Kg1 Nxf1 24. Nxf1 d4 $19) 21... g5 22. hxg5 hxg5 23.
Re2 {/\c4} (23. c4 Bb4 24. Re2 Bxd2 25. Rxd2 Nxe3+ $19) 23... b5 24. Rd1 Kc6
25. Nb3 Ne5 (25... Bb6 26. Nd4+ Bxd4 27. exd4 $13) 26. Nxc5 (26. Nd4+ Bxd4 27.
exd4 Nf3 28. c3 Rh8 {/\ Rf6-h6-+}) 26... Kxc5 27. Ree1 (27. Rh1 Nf3 $17 {xRe2})
27... Nf3 28. Rh1 R5f6 29. a3 $6 (29. Ra1 $10) 29... a5 30. Ra1 Rh8 (30... Kd6
$5) 31. Ng1 Rxh1 32. Kxh1 Rh6+ 33. Kg2 Rh2+ 34. Kf1 Rh1 35. Kg2 Rh2+ 36. Kf1
Ne5 37. Ke2 Rh1 38. Kf1 {/\ Kg2} Rh2 39. Ke2 Kd6 (39... Ng4 40. Rf1 {/\ Ke1,
Ne2} Rh1 (40... Rg2 $2 41. Nh3) 41. Re1 Kd6 42. Kd2 Nxf2 43. Ne2 Rh2 44. Rf1 (
44. Kc3 $2 Nd1+ $19) (44. Kc1 Ng4 45. Nd4 b4 46. axb4 axb4 47. Kb1 Rg2 48. Ka2
Kc5 $17) 44... Ng4 45. Rf8 $10) (39... Nc4 40. b3 Ne5 41. Rf1 {/\ Ke1, Ne2})
40. Rf1 Ke6 (40... Nc4 41. b3 Nxa3 42. Kd2 Rh1 43. Rd1 b4 44. Ne2 Nb1+ 45. Kc1)
41. Kd1 Rh1 42. Re1 Nc4 (42... Ng4 43. Ne2 Nxf2+ 44. Kd2 Rxe1 45. Nd4+ $14) 43.
b3 (43. Kc1 $2 Kf5 {/\ Kg4-+}) 43... Nxa3 44. Ne2 Rxe1+ 45. Kxe1 Nxc2+ 46. Kd2
Na3 (46... Na1 47. Nd4+ Ke5 48. Kc3 a4 49. b4 $5 $13) 47. Nd4+ Kd6 48. g4 $10
a4 (48... b4 49. Kc1 Kc5 50. Ne6+ $10) 49. Kc3 axb3 50. Kxb3 Nc4 51. Nxb5+ Kd7
(51... Kc5 52. Nd4 Ne5 53. Ne6+ Kd6 54. Nxg5 Nxg4 55. f3 $10 (55. Nh3 $10)) (
51... Ke6 52. Nc7+ Ke5 (52... Kd6 53. Nb5+) 53. Kc3 Nd6 54. Kd2 $10) 52. Kc3
Ne5 (52... Ne5 53. Kd4 Nxg4 54. Kxd5 Nxf2 55. Nc3 g4 56. Nxe4 $10) 1/2-1/2

[Event "American op 51st"]
[Site "Orange"]
[Date "2015.11.27"]
[Round "3"]
[White "Kiewra, Keaton F"]
[Black "Akobian, Varuzhan"]
[Result "0-1"]
[WhiteElo "2445"]
[BlackElo "2618"]
[Annotator "Jack"]
[PlyCount "48"]
[EventDate "2015.11.26"]
[EventType "swiss"]
[EventRounds "8"]
[EventCountry "USA"]
[SourceTitle "EXT 2017"]
[Source "ChessBase"]
[SourceDate "2016.10.25"]
[SourceVersion "1"]
[SourceVersionDate "2016.10.25"]
[SourceQuality "1"]

1. d4 Nf6 2. Nf3 e6 3. Bg5 {The Torre Attack. Black chooses an unusual reply.}
b6 4. Bxf6 ({White could occupy the center at once with} 4. e4 Bb7 5. Bd3 {
, when Black would have to spend a move on} h6 {to persuade White to trade
Bishop for Knight.}) 4... Qxf6 {In effect, White has lost a tempo.} 5. e4 Bb7
6. Nbd2 ({The effect of White's loss of time shows up in the variation} 6. Bd3
c5 7. c3 Nc6 $15 {, when Black applies pressure to White's center.}) 6... c5 7.
c3 cxd4 8. Nxd4 ({White rejects the unpleasant} 8. cxd4 Nc6 9. e5 Qg6 $15) 8...
Bc5 9. N4f3 g5 $5 {Sharpest. Black presses his initiative while White's
development lags.} ({Simply} 9... Nc6 10. Be2 O-O 11. O-O Rad8 $15 {, planning
...d7-d5, favors Black too.}) 10. h3 Nc6 ({White would parry} 10... h5 {by} 11.
e5 Qg7 12. Qe2 {, intending Nd2-e4 or Nd2-c4.}) 11. Nc4 $2 ({White had to try} 
11. Qe2 {although} Ne5 $15 {squelches e4-e5.}) 11... d5 $1 $17 12. exd5 ({
Neither} 12. Ncd2 d4 $17) ({nor} 12. e5 Qf4 $17 {saves White.}) 12... O-O-O ({
Houdini considers} 12... exd5 {even stronger. If} 13. Qxd5 Qe7+ 14. Be2 Nb4 $1
$17 {, White must yield the exchange with} 15. Qe5 ({as} 15. Qd2 $2 {loses to}
Bxf3 16. gxf3 Rd8)) 13. d6 h5 $1 14. Qe2 ({Black crushes} 14. Qd2 $2 {by} b5 $1
({White can survive} 14... g4 $2 15. Qg5 $1) 15. Qxg5 Qxg5 16. Nxg5 bxc4 17.
Nxf7 Bxf2+ 18. Kd2 Bg3 19. Nxd8 Rxd8 20. Bxc4 Rxd6+ 21. Kc2 Ne5 $19 {, when
Black's extra piece will decide the game.}) 14... Bxd6 15. Nxd6+ Rxd6 16. Qe3
Rhd8 $1 $17 {It might appear that White has escaped, but Black's initiative
persists.} 17. Qxg5 $2 {Allowing a spectacular finish.} ({Sturdiest is} 17. Be2
g4 18. Qg5 {, yet} Qxg5 19. Nxg5 Ne5 {keeps White under pressure. He could end
up in a miserable endgame after} 20. hxg4 hxg4 21. f4 gxf3 22. Nxf3 Bxf3 23.
gxf3 Nd3+ 24. Bxd3 Rxd3 $17) 17... Nb4 $3 {Threatening mate by 18...Nc2+ 19.
Ke2 Ba6+.} 18. cxb4 ({White does not stop the threat by} 18. Rc1 {as Black
continues, nevertheless, with} Nc2+ $1 19. Rxc2 Rd1+ 20. Ke2 Bxf3+ 21. gxf3
Qxg5 $19) ({White postpones material loss only for a moment by} 18. Qc1 Nd3+
19. Bxd3 Rxd3 $19) 18... Rd1+ $1 19. Rxd1 Rxd1+ 20. Kxd1 Bxf3+ 21. gxf3 Qxg5 {
Winning. White must soon drop another pawn or two.} 22. Ba6+ ({Or} 22. Be2 Qe5
$19 {, and the Queenside pawns fall.}) 22... Kc7 23. Ke2 Qe5+ 24. Kf1 b5 $1 {
Now the Bishop is doomed. Black may pick it off by 25...Kb6 26. Bc8 Qc7.} 0-1

[Event "Jakarta"]
[Site "Jakarta"]
[Date "1994.??.??"]
[Round "5"]
[White "Ye, Rongguang"]
[Black "Hracek, Zbynek"]
[Result "1-0"]
[WhiteElo "2500"]
[BlackElo "2510"]
[Annotator "Kortschnoj,V"]
[PlyCount "69"]
[EventDate "1994.04.??"]
[EventType "tourn"]
[EventRounds "13"]
[EventCountry "INA"]
[EventCategory "10"]
[SourceTitle "CBM 041"]
[Source "ChessBase"]
[SourceDate "1994.08.01"]
[SourceVersion "1"]
[SourceVersionDate "1994.08.01"]
[SourceQuality "1"]

1. d4 Nf6 2. Nf3 e6 3. Bg5 c5 4. e3 Be7 5. Nbd2 b6 6. Bd3 Bb7 7. O-O h6 8. Bh4
d6 (8... cxd4 $5 9. exd4 d6) 9. c3 Nbd7 10. e4 g5 $2 (10... Nh5 $14) 11. Bg3
Nh5 12. Bb5 $5 Nxg3 13. fxg3 $1 a6 14. Bxd7+ Qxd7 15. Nc4 Qb5 $6 (15... Qc7 16.
d5 $16) 16. a4 $1 Qc6 (16... Qxc4 17. Nd2 Qd3 18. Rf3 $18) 17. d5 Qc7 (17...
exd5 18. exd5 Qxd5 19. Qxd5 Bxd5 20. Nxb6 Bxf3 21. Rxf3 Rb8 22. Nd5 $16) 18. a5
O-O (18... b5 19. Nb6 Rb8 20. dxe6 fxe6 21. Ne5 dxe5 22. Qh5+ Kd8 23. Rad1+ Bd6
24. Rf7 Qc6 25. Qg6 $18) 19. Nxb6 $18 Rad8 20. Nd2 f5 21. dxe6 $1 fxe4 22. Qh5
Bf6 23. Nd7 $1 Rxd7 24. Rxf6 Rxf6 25. Qe8+ Rf8 26. exd7 Qd8 27. Qg6+ Kh8 28.
Qxh6+ Kg8 29. Qg6+ Kh8 30. Qxd6 e3 31. Rf1 Rxf1+ 32. Nxf1 e2 33. Qe5+ Kh7 34.
Qxe2 Qxd7 35. Qh5+ 1-0